000
00330nam a22001457a 4500
020
_a
978-81-300-1587-3
082
_a
7268
_b
894.812.3
100
_a
AMEESH
245
_a
NAGARMARUDE RAHASYAM
_b
SIVAPURANAM 2
260
_a
KOZHIKODE
_b
POORNA PUBLICATIONS
_c
2014
300
_a
386
520
_a
NOVEL
650
_a
NOVEL
942
_c
BK
999
_c
4696
_d
4696